International conference on mechnaized dryland farming. (Record no. 21582)

MARC details
000 -LEADER
fixed length control field 00327nam a2200121Ia 4500
082 ## - DEWEY DECIMAL CLASSIFICATION NUMBER
Classification number 631.586
Item number BUR
100 ## - MAIN ENTRY--AUTHOR NAME
Personal name BURROWS, W C
245 #0 - TITLE STATEMENT
Title International conference on mechnaized dryland farming.
260 ## - PUBLICATION, DISTRIBUTION, ETC. (IMPRINT)
Place of publication USA
Name of publisher Derre & Co
Year of publication 1970
650 ## - SUBJECT ADDED ENTRY--TOPICAL TERM
Topical Term Dryland farming
942 ## - ADDED ENTRY ELEMENTS (KOHA)
Koha item type Books
Holdings
Withdrawn status Lost status Damaged status Not for loan Home library Current library Date acquired Full call number Accession Number Koha item type
        RRII Library RRII Library 16/12/2021 631.586 BUR 02298 Books